[Event "Nutcracker Rapid 2015"]
[Site "Moscow RUS"]
[Date "2015.12.24"]
[Round "1.1"]
[White "Najer, Evgeniy"]
[Black "Oparin, Grigoriy"]
[Result "1-0"]
[WhiteTitle "GM"]
[BlackTitle "GM"]
[WhiteElo "2674"]
[BlackElo "2563"]
[WhiteTeam "Kings"]
[BlackTeam "Princes"]
[WhiteFideId "4118987"]
[BlackFideId "24125890"]
[EventDate "2015.12.24"]

1. e4 c5 2. Nf3 d6 3. d4 cxd4 4. Nxd4 Nf6 5. Nc3 a6 6. Bg5 e6 7. f4 h6 8. Bh4
Qb6 9. Qd2 Qxb2 10. Rb1 Qa3 11. e5 dxe5 12. fxe5 g5 13. Bf2 Ng4 14. Bg3 Bg7 15.
Bb5+ Bd7 16. Be2 Nxe5 17. Rxb7 Nbc6 18. Nb3 Rd8 19. Qe3 O-O 20. O-O f5 21. Qb6
Rb8 22. Bxa6 Qb2 23. Na4 Qxc2 24. Nac5 Rxb7 25. Bxb7 Nc4 26. Qc7 Ne3 27. Bxc6
Bxc6 28. Qxc6 Nxf1 29. Qxe6+ Kh8 30. Kxf1 f4 31. Bf2 Rd8 32. Qe2 Qf5 33. h3 Qd5
34. a4 Rf8 35. Qd3 Qf7 36. a5 Qe7 37. a6 Rd8 38. Qe4 Qf7 39. Qe6 Qh5 40. Qe2 Qf7
41. Kg1 h5 42. Ne6 Re8 43. a7 f3 44. gxf3 Qb7 45. Qe4 Qa6 46. Nc7 1-0

[Event "Nutcracker Rapid 2015"]
[Site "Moscow RUS"]
[Date "2015.12.24"]
[Round "1.2"]
[White "Leko, Peter"]
[Black "Bukavshin, Ivan"]
[Result "1/2-1/2"]
[WhiteTitle "GM"]
[BlackTitle "GM"]
[WhiteElo "2705"]
[BlackElo "2657"]
[WhiteTeam "Kings"]
[BlackTeam "Princes"]
[WhiteFideId "703303"]
[BlackFideId "4199758"]
[EventDate "2015.12.24"]

1. d4 d5 2. c4 e6 3. Nf3 Nf6 4. g3 Be7 5. Bg2 O-O 6. O-O dxc4 7. Qc2 b6 8. Qxc4
Bb7 9. Bf4 c5 10. dxc5 Qc8 11. Nbd2 Qxc5 12. Ne5 Nd5 13. Qxc5 Bxc5 14. Rac1 g5
15. Be3 Be7 16. Ne4 f6 17. Nc4 Rd8 18. Nc3 Nxc3 19. Rxc3 Bxg2 20. Kxg2 Na6 21.
a3 Rac8 22. Rfc1 Rc7 23. Nd2 Rdc8 24. Ne4 Kf7 25. f4 gxf4 26. gxf4 h6 27. Bd4 f5
28. Nf2 Rxc3 29. Rxc3 Rxc3 30. Bxc3 Nc5 31. Bd4 Nd7 32. Nd3 Bf6 33. Bxf6 Kxf6
34. Kf3 e5 35. e4 Ke6 36. exf5+ Kxf5 37. Nxe5 Nxe5+ 38. fxe5 Kxe5 39. Kg4 Kf6
40. Kf4 Kg6 41. Kg4 Kf6 42. Kh5 Kg7 43. a4 Kh7 44. b4 a6 45. b5 axb5 46. axb5
Kg7 47. Kg4 Kg6 48. Kf4 Kf6 49. Ke4 Ke6 50. h3 Kd6 51. Kd4 Ke6 52. Ke4 Kd6 53.
Kd4 Ke6 54. Ke4 1/2-1/2

[Event "Nutcracker Rapid 2015"]
[Site "Moscow RUS"]
[Date "2015.12.24"]
[Round "1.4"]
[White "Artemiev, Vladislav"]
[Black "Gelfand, Boris"]
[Result "1/2-1/2"]
[WhiteTitle "GM"]
[BlackTitle "GM"]
[WhiteElo "2676"]
[BlackElo "2731"]
[WhiteTeam "Princes"]
[BlackTeam "Kings"]
[WhiteFideId "24101605"]
[BlackFideId "2805677"]
[EventDate "2015.12.24"]

1. Nf3 c5 2. c4 Nf6 3. e3 g6 4. b3 Bg7 5. Bb2 O-O 6. Be2 b6 7. O-O Bb7 8. d3 Nc6
9. Nbd2 Rc8 10. a3 d5 11. cxd5 Nxd5 12. Bxg7 Kxg7 13. Qc2 e5 14. Qb2 f6 15. Rfe1
Qd7 16. Bf1 Rfe8 17. Rac1 Ba8 18. Rc4 Na5 19. Rc2 Nc6 20. h3 Bb7 21. Rc4 Ba6 22.
Rcc1 Bb7 23. Ne4 Qe7 24. Ng3 Qd7 25. Rc4 Ba6 26. Rg4 Kh8 27. Rd1 Qe7 28. Ra4 Bb5
29. Rh4 Rcd8 30. Re1 Qf7 31. Re4 Qg7 32. Rg4 Qf7 33. Re4 Qg7 34. Rg4 Qf7 35. Re4 1/2-1/2

[Event "Nutcracker Rapid 2015"]
[Site "Moscow RUS"]
[Date "2015.12.24"]
[Round "2.1"]
[White "Bukavshin, Ivan"]
[Black "Najer, Evgeniy"]
[Result "1-0"]
[WhiteTitle "GM"]
[BlackTitle "GM"]
[WhiteElo "2657"]
[BlackElo "2674"]
[WhiteTeam "Princes"]
[BlackTeam "Kings"]
[WhiteFideId "4199758"]
[BlackFideId "4118987"]
[EventDate "2015.12.24"]

1. d4 d5 2. c4 c6 3. Nf3 Nf6 4. e3 Bf5 5. Nc3 e6 6. Nh4 Bg6 7. Nxg6 hxg6 8. Bd3
Nbd7 9. O-O Bd6 10. h3 Qe7 11. e4 dxc4 12. Bxc4 e5 13. d5 Nb6 14. dxc6 bxc6 15.
Bb3 Nfd7 16. Na4 Nc5 17. Nxc5 Bxc5 18. a4 Bd4 19. a5 Nd7 20. Bc4 O-O 21. Ra2 Nc5
22. Qg4 Rab8 23. Bd2 Nb3 24. Be1 Qc5 25. Ra4 Bxb2 26. Kh1 Bc1 27. Qd1 Rfd8 28.
Qc2 Bd2 29. Bxb3 Qxc2 30. Bxc2 Rb2 31. Bxd2 Rxd2 32. Bd1 Rxf2 33. Rxf2 Rxf2 34.
Bb3 Rb2 35. Rb4 Kh7 36. Rb7 Kh6 37. a6 f5 38. Bc4 Rc2 39. Bd3 Rd2 40. Bf1 fxe4
41. Re7 Kg5 42. Rxe5+ Kf4 43. Re7 e3 44. Kh2 g5 45. Bc4 Rc2 46. Bd3 Rd2 47. Re4+
Kf5 48. Rxe3+ Kf4 49. Rf3+ Ke5 50. Bf1 Rd7 51. Re3+ Kf4 52. Rc3 Rd6 53. g3+ Ke5
54. Bg2 1-0

[Event "Nutcracker Rapid 2015"]
[Site "Moscow RUS"]
[Date "2015.12.24"]
[Round "2.3"]
[White "Morozevich, Alexander"]
[Black "Artemiev, Vladislav"]
[Result "1/2-1/2"]
[WhiteTitle "GM"]
[BlackTitle "GM"]
[WhiteElo "2692"]
[BlackElo "2676"]
[WhiteTeam "Kings"]
[BlackTeam "Princes"]
[WhiteFideId "4116992"]
[BlackFideId "24101605"]
[EventDate "2015.12.24"]

1. d4 d5 2. c4 c6 3. cxd5 cxd5 4. Nc3 Nf6 5. Bf4 Nc6 6. e3 a6 7. Be2 Bf5 8. Nf3
e6 9. Qb3 Bd6 10. Bxd6 Qxd6 11. O-O O-O 12. Rfc1 Na5 13. Qa4 Nc6 14. Qb3 b5 15.
Qd1 Na5 16. a4 b4 17. Nb1 b3 18. Ne5 Nd7 19. Qd2 Nxe5 20. Qxa5 Nd7 21. Rc3 Rfb8
22. Nd2 Bc2 23. Bd3 Bxd3 24. Rxd3 Qb4 25. Qxb4 Rxb4 26. Kf1 Nb6 27. Rxb3 Rxb3
28. Nxb3 Nc4 29. Nc5 Nxb2 30. Rb1 Nc4 31. Ke2 g6 32. g4 g5 33. Rb7 a5 34. Kd3
Nd6 35. Rb1 Kg7 36. f3 h5 37. h3 hxg4 38. hxg4 Rh8 39. e4 Rh3 40. Ke2 Rh2+ 41.
Kd3 Rh3 42. Ke2 dxe4 43. fxe4 Rg3 44. e5 Nc4 45. Rb7 Kg6 46. Rb8 Kg7 47. Rb7 Kg6
48. Rb8 Kg7 1/2-1/2

[Event "Nutcracker Rapid 2015"]
[Site "Moscow RUS"]
[Date "2015.12.24"]
[Round "2.4"]
[White "Gelfand, Boris"]
[Black "Oparin, Grigoriy"]
[Result "0-1"]
[WhiteTitle "GM"]
[BlackTitle "GM"]
[WhiteElo "2731"]
[BlackElo "2563"]
[WhiteTeam "Kings"]
[BlackTeam "Princes"]
[WhiteFideId "2805677"]
[BlackFideId "24125890"]
[EventDate "2015.12.24"]

1. d4 Nf6 2. c4 e6 3. Nf3 b6 4. g3 Ba6 5. b3 Bb4+ 6. Bd2 Be7 7. Nc3 d5 8. cxd5
exd5 9. Bg2 O-O 10. O-O Re8 11. Qc2 Bb7 12. Rfd1 Na6 13. Bf4 c6 14. a3 Nc7 15.
b4 Bf8 16. Be5 a5 17. Ng5 Bd6 18. Bxf6 Qxf6 19. Qxh7+ Kf8 20. Qh5 Qg6 21. Qxg6
fxg6 22. Rab1 axb4 23. axb4 Be7 24. Nf3 Ra3 25. Rdc1 Bd6 26. e3 Bc8 27. Ne2 Bd7
28. Ne5 Bxe5 29. dxe5 Nb5 30. e6 Rxe6 31. Bh3 Ke7 32. Bxe6 Kxe6 33. Ra1 Rb3 34.
Rcb1 Rxb1+ 35. Rxb1 Kd6 36. f3 Na3 37. Kf2 Nxb1 0-1

[Event "Nutcracker Rapid 2015"]
[Site "Moscow RUS"]
[Date "2015.12.24"]
[Round "3.2"]
[White "Leko, Peter"]
[Black "Artemiev, Vladislav"]
[Result "0-1"]
[WhiteTitle "GM"]
[BlackTitle "GM"]
[WhiteElo "2705"]
[BlackElo "2676"]
[WhiteTeam "Kings"]
[BlackTeam "Princes"]
[WhiteFideId "703303"]
[BlackFideId "24101605"]
[EventDate "2015.12.24"]

1. d4 Nf6 2. c4 c5 3. d5 b5 4. cxb5 a6 5. bxa6 g6 6. Nc3 Bg7 7. Nf3 O-O 8. e4
Qa5 9. Nd2 Bxa6 10. Be2 d6 11. O-O Nbd7 12. a4 Rfb8 13. Ra3 Rb4 14. b3 Bxe2 15.
Qxe2 Ne8 16. Nb5 Nb6 17. Nb1 Nc4 18. bxc4 Rxb1 19. Bd2 Rb2 20. Rd1 Bh6 21. Bxa5
Rxe2 22. Re1 Rc2 23. Bc3 Bg7 24. Rea1 Bxc3 25. Rxc3 Rb2 26. f3 Ra5 27. Re3 Rb4
28. e5 Rxc4 29. exd6 Nxd6 30. Nxd6 exd6 31. Re4 Rc2 32. Rb1 c4 33. Rb8+ Kg7 34.
Rd4 Rxa4 35. h4 Raa2 36. Rg4 h5 37. Rg5 c3 38. Rc8 Rc1+ 39. Kh2 c2 0-1

[Event "Nutcracker Rapid 2015"]
[Site "Moscow RUS"]
[Date "2015.12.24"]
[Round "3.3"]
[White "Oparin, Grigoriy"]
[Black "Morozevich, Alexander"]
[Result "1-0"]
[WhiteTitle "GM"]
[BlackTitle "GM"]
[WhiteElo "2563"]
[BlackElo "2692"]
[WhiteTeam "Princes"]
[BlackTeam "Kings"]
[WhiteFideId "24125890"]
[BlackFideId "4116992"]
[EventDate "2015.12.24"]

1. e4 e5 2. Nf3 Nc6 3. Bb5 a6 4. Ba4 Nf6 5. O-O Be7 6. Re1 b5 7. Bb3 d6 8. c3
O-O 9. h3 Re8 10. d4 Bb7 11. a3 Bf8 12. Nbd2 h6 13. Bc2 d5 14. dxe5 Nxe5 15.
Nxe5 Rxe5 16. Nf3 Re8 17. e5 Ne4 18. Bf4 c5 19. a4 f5 20. Qe2 b4 21. cxb4 cxb4
22. Rad1 Rc8 23. Nd4 Bc5 24. Kh2 g6 25. Bxe4 fxe4 26. Qg4 Kh7 27. f3 h5 28. Qg3
Qe7 29. fxe4 dxe4 30. Nb3 Ba7 31. Rd6 Qg7 32. Red1 Rc7 33. e6 Bc8 34. Be5 Qe7
35. Nd4 h4 36. Qf4 Rf8 37. Qxe4 Bb7 38. Nc6 Qg5 39. Rd7+ Rxd7 40. Rxd7+ 1-0

[Event "Nutcracker Rapid 2015"]
[Site "Moscow RUS"]
[Date "2015.12.24"]
[Round "3.4"]
[White "Bukavshin, Ivan"]
[Black "Gelfand, Boris"]
[Result "1/2-1/2"]
[WhiteTitle "GM"]
[BlackTitle "GM"]
[WhiteElo "2657"]
[BlackElo "2731"]
[WhiteTeam "Princes"]
[BlackTeam "Kings"]
[WhiteFideId "4199758"]
[BlackFideId "2805677"]
[EventDate "2015.12.24"]

1. d4 Nf6 2. Nf3 g6 3. Nbd2 c5 4. dxc5 Qa5 5. a3 Qxc5 6. b4 Qc7 7. Bb2 Bg7 8. e3
O-O 9. c4 b6 10. Be2 Bb7 11. O-O d6 12. Rc1 Nbd7 13. Qb3 Rac8 14. Rfd1 Qb8 15.
Bf1 Rfd8 16. Nd4 Qa8 17. Ba1 a6 18. Rc2 Rc7 19. Rdc1 Rdc8 20. Ne2 d5 21. Nf4 e6
22. cxd5 Rxc2 23. Rxc2 Nxd5 24. Bxg7 Kxg7 25. Qb2+ Kg8 26. Nxd5 Bxd5 27. e4 Bb7
28. f3 Rxc2 29. Qxc2 Qb8 30. a4 Qe5 31. Qd3 Bc6 32. b5 axb5 33. axb5 Bxb5 34.
Qe3 Bxf1 35. Nxf1 Qc5 36. Kf2 Kf8 37. Qxc5+ Nxc5 38. Ke3 e5 39. Kd2 Ke7 40. Ne3
Ke6 41. Nd5 Nd7 42. Kd3 f5 43. Kc4 fxe4 44. fxe4 Nc5 45. Nc3 h5 46. h4 Nd7 47.
Nd5 Kd6 48. Kb5 Nc5 49. Nc3 Kc7 50. Nd5+ Kb7 51. Nxb6 Nxe4 52. Nc4 1/2-1/2

[Event "Nutcracker Rapid 2015"]
[Site "Moscow RUS"]
[Date "2015.12.24"]
[Round "4.1"]
[White "Artemiev, Vladislav"]
[Black "Najer, Evgeniy"]
[Result "1-0"]
[WhiteTitle "GM"]
[BlackTitle "GM"]
[WhiteElo "2676"]
[BlackElo "2674"]
[WhiteTeam "Princes"]
[BlackTeam "Kings"]
[WhiteFideId "24101605"]
[BlackFideId "4118987"]
[EventDate "2015.12.24"]

1. d4 d5 2. Bf4 c5 3. e3 Nc6 4. c3 Nf6 5. Nd2 e6 6. Ngf3 Bd6 7. dxc5 Bxc5 8. Bd3
Qe7 9. e4 Nh5 10. Bg5 f6 11. Be3 Bxe3 12. fxe3 f5 13. exd5 exd5 14. Qe2 O-O 15.
O-O-O Bd7 16. Bc2 Rae8 17. Rhe1 Nf6 18. h3 Kh8 19. Kb1 a6 20. Qf2 b5 21. Qh4 b4
22. c4 Be6 23. cxd5 Nxd5 24. e4 Qxh4 25. Nxh4 fxe4 26. Nxe4 Bg8 27. Ba4 Rc8 28.
Nf3 Nb6 29. Bb3 Bxb3 30. axb3 h6 31. Rd6 Rfe8 32. Nfd2 Rc7 33. Rc1 Rec8 34. Nf3
a5 35. Rc5 a4 36. bxa4 Nxa4 37. Rc4 Nb6 38. Rc1 Na4 39. b3 Nb6 40. Nh4 Nd7 41.
Ng6+ Kh7 42. Nf4 Nce5 43. Rxc7 Rxc7 44. Nd5 Rc6 45. Nxb4 Rc8 46. Nd5 Nf8 47. Ra6
Nd3 48. Nec3 Nd7 49. Ra7 N7e5 50. Nf6+ Kg6 51. Nfe4 Rf8 52. Nd5 Rf1+ 53. Kc2 Re1
54. Ne7+ Kh7 55. Nd5 Nb4+ 56. Nxb4 Rxe4 57. Nd3 Nc6 58. Ra6 Nd4+ 59. Kc3 Nf5 60.
Ra2 Ne7 61. Ra5 Ng6 62. b4 Kg8 63. b5 Re6 64. Ra6 Kf7 65. b6 Rc6+ 66. Kd2 Rc8
67. b7 Rb8 68. Nc5 Ne5 69. Kc3 h5 70. Kd4 Nd7 71. Nxd7 Rxb7 72. Ne5+ 1-0

[Event "Nutcracker Rapid 2015"]
[Site "Moscow RUS"]
[Date "2015.12.24"]
[Round "4.2"]
[White "Oparin, Grigoriy"]
[Black "Leko, Peter"]
[Result "1/2-1/2"]
[WhiteTitle "GM"]
[BlackTitle "GM"]
[WhiteElo "2563"]
[BlackElo "2705"]
[WhiteTeam "Princes"]
[BlackTeam "Kings"]
[WhiteFideId "24125890"]
[BlackFideId "703303"]
[EventDate "2015.12.24"]

1. e4 e5 2. Nf3 Nc6 3. Bb5 Nf6 4. d3 Bc5 5. Bxc6 dxc6 6. Nbd2 O-O 7. O-O Nd7 8.
Nc4 Re8 9. Bd2 f6 10. a4 Nf8 11. b4 Bd6 12. b5 Ne6 13. bxc6 bxc6 14. Be3 c5 15.
Nfd2 Qd7 16. g3 Rf8 17. c3 Be7 18. Qe2 Rd8 19. Nb2 Rb8 20. Ndc4 Nf8 21. f3 Qc6
22. Rfb1 Be6 23. Qc2 Qa6 24. Bf2 Rb7 25. a5 Rb5 26. Ra4 Rdb8 27. Rba1 Bf7 28.
Nd1 Ne6 29. Nde3 Bf8 30. Kg2 R5b7 31. R4a2 Rb5 32. Ra4 R5b7 33. R4a2 Rb5 1/2-1/2

[Event "Nutcracker Rapid 2015"]
[Site "Moscow RUS"]
[Date "2015.12.24"]
[Round "4.3"]
[White "Morozevich, Alexander"]
[Black "Bukavshin, Ivan"]
[Result "1-0"]
[WhiteTitle "GM"]
[BlackTitle "GM"]
[WhiteElo "2692"]
[BlackElo "2657"]
[WhiteTeam "Kings"]
[BlackTeam "Princes"]
[WhiteFideId "4116992"]
[BlackFideId "4199758"]
[EventDate "2015.12.24"]

1. e4 c5 2. Nf3 e6 3. d4 cxd4 4. Nxd4 Nc6 5. Nc3 Qc7 6. Be3 a6 7. Qf3 Nf6 8.
O-O-O Ne5 9. Qg3 b5 10. Bxb5 axb5 11. Ndxb5 Qb8 12. Bf4 d6 13. Rxd6 Nh5 14. Qg5
Bxd6 15. Nxd6+ Qxd6 16. Bxe5 Ra5 17. f4 Nxf4 18. Nd5 Rxd5 19. exd5 Ne2+ 20. Kb1
Qxd5 21. Qxg7 Rf8 22. b3 Bb7 23. Rf1 Qd2 24. Bb2 Be4 25. Qe5 Qxc2+ 26. Ka1 f5
27. Qxe6+ Kd8 28. Qd6+ Ke8 29. Rd1 Qc8 30. Qd2 Kf7 31. Qxe2 Qe6 32. g3 Kg6 33.
Qb5 Rc8 34. Qb4 Rc6 35. Qd4 h6 36. g4 fxg4 37. Re1 Kf5 38. Qf2+ Kg5 39. Qe3+ Kf5
40. h3 h5 41. Qf2+ Kg5 42. h4+ Kg6 43. Qf4 Rd6 44. a4 Qd5 45. Rxe4 Rb6 46. Re1
Qf5 47. Qd4 Rb7 48. Qd6+ Kf7 49. Ka2 Rd7 50. Qh6 1-0

[Event "Nutcracker Rapid 2015"]
[Site "Moscow RUS"]
[Date "2015.12.25"]
[Round "5.1"]
[White "Najer, Evgeniy"]
[Black "Artemiev, Vladislav"]
[Result "1/2-1/2"]
[WhiteTitle "GM"]
[BlackTitle "GM"]
[WhiteElo "2674"]
[BlackElo "2676"]
[WhiteTeam "Kings"]
[BlackTeam "Princes"]
[WhiteFideId "4118987"]
[BlackFideId "24101605"]
[EventDate "2015.12.24"]

1. e4 c5 2. Nf3 a6 3. Be2 d6 4. O-O Nf6 5. c3 Nbd7 6. Qc2 Qc7 7. Re1 g6 8. d4
cxd4 9. Nxd4 Bg7 10. c4 O-O 11. Nc3 b6 12. Be3 e6 13. Rac1 Bb7 14. f3 Rac8 15.
Bf1 d5 16. cxd5 exd5 17. exd5 Qd6 18. Qd2 Nxd5 19. Nde2 Be5 20. Nxd5 Qxd5 21.
Qxd5 Bxd5 22. b3 Nc5 23. Red1 Bb7 24. Bd4 Bxd4+ 25. Nxd4 Rfd8 26. Ne2 Ne6 27.
Rxc8 Rxc8 28. Rd6 Rc6 29. Rxc6 Bxc6 30. Nc3 b5 31. Kf2 Kf8 32. Ke3 Ke7 33. g3
Kd6 34. Ne4+ Bxe4 35. Kxe4 f5+ 36. Kd3 Kc5 37. f4 Kb4 38. Bg2 Kc5 39. Bb7 a5 40.
Bc8 Nd4 41. Bb7 b4 42. Ba6 Nc6 43. Bc4 Ne7 44. Bf7 Nd5 45. Be6 Nf6 46. Bf7 Ng4
47. Bg8 Nf6 48. Bf7 Ne4 49. Bg8 Nf6 1/2-1/2

[Event "Nutcracker Rapid 2015"]
[Site "Moscow RUS"]
[Date "2015.12.25"]
[Round "5.3"]
[White "Bukavshin, Ivan"]
[Black "Morozevich, Alexander"]
[Result "1-0"]
[WhiteTitle "GM"]
[BlackTitle "GM"]
[WhiteElo "2657"]
[BlackElo "2692"]
[WhiteTeam "Princes"]
[BlackTeam "Kings"]
[WhiteFideId "4199758"]
[BlackFideId "4116992"]
[EventDate "2015.12.24"]

1. d4 Nf6 2. c4 g6 3. Nc3 Bg7 4. e4 d6 5. Be2 O-O 6. Nf3 c5 7. O-O Re8 8. Bg5 h6
9. Be3 Ng4 10. Bc1 Nf6 11. dxc5 dxc5 12. Be3 Qxd1 13. Raxd1 Nfd7 14. Nb5 Na6 15.
b3 g5 16. h4 g4 17. Nh2 h5 18. Rfe1 Bf6 19. Rd5 Ne5 20. f4 gxf3 21. Nxf3 Ng4 22.
Bc1 e5 23. Nd6 Rd8 24. Nxc8 Raxc8 25. a3 Nc7 26. Rxc5 Be7 27. Ra5 b6 28. Rxa7
Bc5+ 29. Kf1 f5 30. b4 Bf2 31. Rd1 Rxd1+ 32. Bxd1 Be3 33. Bxe3 Nxe3+ 34. Ke2 f4
35. Bb3 Kf8 36. Nxe5 Ne6 37. Ng6+ Ke8 38. Re7+ Kd8 39. Rxe6 Ra8 40. Nxf4 1-0

[Event "Nutcracker Rapid 2015"]
[Site "Moscow RUS"]
[Date "2015.12.25"]
[Round "6.2"]
[White "Artemiev, Vladislav"]
[Black "Leko, Peter"]
[Result "1/2-1/2"]
[WhiteTitle "GM"]
[BlackTitle "GM"]
[WhiteElo "2676"]
[BlackElo "2705"]
[WhiteTeam "Princes"]
[BlackTeam "Kings"]
[WhiteFideId "24101605"]
[BlackFideId "703303"]
[EventDate "2015.12.24"]

1. Nf3 Nf6 2. c4 c5 3. e3 g6 4. d4 Bg7 5. d5 d6 6. Nc3 O-O 7. Be2 e6 8. O-O exd5
9. cxd5 Re8 10. Nd2 Na6 11. e4 Rb8 12. Re1 Nc7 13. a4 a6 14. a5 Bd7 15. Qb3 Nb5
16. Nxb5 axb5 17. Bxb5 Bxb5 18. Qxb5 Nxd5 19. Nc4 Nb4 20. Bf4 Bf8 21. Na3 Ra8
22. Bd2 Rxa5 23. Qxb7 Re7 24. Bg5 Rxb7 25. Bxd8 Ra8 26. Bf6 Nd3 27. Reb1 Ra4 28.
f3 Bg7 29. Bxg7 Kxg7 30. b3 Ra6 31. Kf1 Rba7 32. Nc2 Rxa1 33. Rxa1 Rxa1+ 34.
Nxa1 Nb4 35. Ke2 Kf6 36. Kd2 Ke5 37. Ke3 g5 38. g3 f5 39. exf5 Kxf5 40. Kd2 Ke5
41. Nc2 Nxc2 42. Kxc2 Kd4 43. Kd2 d5 44. Ke2 Kc3 45. f4 gxf4 46. gxf4 d4 47. Kd1
Kxb3 48. f5 c4 49. f6 c3 50. f7 Kb2 51. f8=Q c2+ 52. Ke2 c1=Q 53. Qb4+ Ka2 54.
Qxd4 Qc2+ 55. Qd2 Qxd2+ 56. Kxd2 Kb3 1/2-1/2

[Event "Nutcracker Rapid 2015"]
[Site "Moscow RUS"]
[Date "2015.12.25"]
[Round "6.3"]
[White "Morozevich, Alexander"]
[Black "Oparin, Grigoriy"]
[Result "1-0"]
[WhiteTitle "GM"]
[BlackTitle "GM"]
[WhiteElo "2692"]
[BlackElo "2563"]
[WhiteTeam "Kings"]
[BlackTeam "Princes"]
[WhiteFideId "4116992"]
[BlackFideId "24125890"]
[EventDate "2015.12.24"]

1. d4 Nf6 2. c4 e6 3. Nc3 Bb4 4. Qc2 O-O 5. a3 Bxc3+ 6. Qxc3 d5 7. Bg5 dxc4 8.
Qxc4 b6 9. Rd1 Ba6 10. Qa4 h6 11. Bh4 Qe7 12. Nf3 Rd8 13. g4 Bb7 14. Bg2 c5 15.
dxc5 Nbd7 16. Bxf6 Nxf6 17. Rxd8+ Rxd8 18. O-O Qxc5 19. Qxa7 Be4 20. Qa4 e5 21.
h3 Bc6 22. b4 Qd6 23. b5 Bb7 24. e3 Be4 25. Qb3 Bd5 26. Qc3 e4 27. Nd4 Ra8 28.
Ra1 Ra4 29. Nf5 Qd8 30. Rd1 Kh7 31. Qe5 Qa8 32. h4 Bb3 33. Rd6 Rxa3 34. Rxf6
gxf6 35. Qxf6 Qf8 36. Bxe4 Ra4 37. Nd4+ Kg8 38. Qf5 Qc5 39. Nxb3 1-0

[Event "Nutcracker Rapid 2015"]
[Site "Moscow RUS"]
[Date "2015.12.25"]
[Round "6.4"]
[White "Gelfand, Boris"]
[Black "Bukavshin, Ivan"]
[Result "1/2-1/2"]
[WhiteTitle "GM"]
[BlackTitle "GM"]
[WhiteElo "2731"]
[BlackElo "2657"]
[WhiteTeam "Kings"]
[BlackTeam "Princes"]
[WhiteFideId "2805677"]
[BlackFideId "4199758"]
[EventDate "2015.12.24"]

1. d4 d5 2. c4 e6 3. Nf3 Nf6 4. g3 Be7 5. Bg2 O-O 6. O-O dxc4 7. Qa4 a6 8. Qxc4
b5 9. Qc2 Bb7 10. Bd2 Be4 11. Qc1 c6 12. Bf4 Bxf3 13. Bxf3 Qxd4 14. Rd1 Qb6 15.
a4 Ra7 16. axb5 axb5 17. Rxa7 Qxa7 18. Bxb8 Qxb8 19. Qxc6 Rd8 20. Rxd8+ Qxd8 21.
Nc3 b4 22. Nb5 g6 23. Qc4 Nd7 24. Qd4 b3 25. e3 Nc5 26. Qxd8+ Bxd8 27. Nd4 Na4
28. Nxb3 1/2-1/2

[Event "Nutcracker Rapid 2015"]
[Site "Moscow RUS"]
[Date "2015.12.25"]
[Round "7.1"]
[White "Najer, Evgeniy"]
[Black "Bukavshin, Ivan"]
[Result "0-1"]
[WhiteTitle "GM"]
[BlackTitle "GM"]
[WhiteElo "2674"]
[BlackElo "2657"]
[WhiteTeam "Kings"]
[BlackTeam "Princes"]
[WhiteFideId "4118987"]
[BlackFideId "4199758"]
[EventDate "2015.12.24"]

1. e4 c5 2. Nf3 e6 3. d4 cxd4 4. Nxd4 Nc6 5. Nc3 Qc7 6. Be3 a6 7. Bd3 b5 8. O-O
Bb7 9. Qe2 Nf6 10. f4 Nxd4 11. Bxd4 Bc5 12. Bxc5 Qxc5+ 13. Kh1 Qh5 14. Qxh5 Nxh5
15. e5 f5 16. Be2 g6 17. Bf3 Bxf3 18. Rxf3 Rc8 19. a3 Ke7 20. Rd1 Rhd8 21. h3
Rc4 22. g3 d5 23. Rd2 Rdc8 24. Rfd3 h6 25. Kg2 g5 26. fxg5 hxg5 27. Rd4 Kf7 28.
Kf3 Kg6 29. a4 bxa4 30. Rxc4 Rxc4 31. Ne2 g4+ 32. hxg4 fxg4+ 33. Kf2 Kf5 34. b3
axb3 35. cxb3 Rc8 36. Ra2 Kxe5 37. Rxa6 Nf6 38. Nf4 Ne4+ 39. Ke1 Rc1+ 40. Ke2
Nxg3+ 41. Kd2 Rc8 42. Nxe6 Ne4+ 43. Ke2 Rc2+ 44. Kd1 Rd2+ 45. Ke1 g3 46. Ng5
Nxg5 47. Kxd2 g2 0-1

[Event "Nutcracker Rapid 2015"]
[Site "Moscow RUS"]
[Date "2015.12.25"]
[Round "7.3"]
[White "Artemiev, Vladislav"]
[Black "Morozevich, Alexander"]
[Result "0-1"]
[WhiteTitle "GM"]
[BlackTitle "GM"]
[WhiteElo "2676"]
[BlackElo "2692"]
[WhiteTeam "Princes"]
[BlackTeam "Kings"]
[WhiteFideId "24101605"]
[BlackFideId "4116992"]
[EventDate "2015.12.24"]

1. Nf3 g6 2. e4 c5 3. c4 Bg7 4. d4 d6 5. Be2 Nf6 6. Nc3 O-O 7. O-O Re8 8. Re1
cxd4 9. Nxd4 Nc6 10. Be3 Nxd4 11. Bxd4 Bd7 12. Qd2 Bc6 13. f3 a5 14. b3 Nd7 15.
Bf1 Bxd4+ 16. Qxd4 Qb6 17. Qxb6 Nxb6 18. Kf2 Nd7 19. Rad1 Kg7 20. g3 h5 21. h4
Red8 22. Bh3 Nc5 23. Rd2 f6 24. Rb1 Kf7 25. a3 e6 26. b4 axb4 27. axb4 Na4 28.
Nxa4 Rxa4 29. b5 Be8 30. c5 Ke7 31. Rbd1 Bxb5 32. cxd6+ Kd7 33. e5 Bc6 34. exf6
Rf8 35. f4 Rxf6 36. Re1 Ra3 37. Bg2 Ra5 38. Bxc6+ bxc6 39. Rb1 Rd5 40. Rc2 e5
41. Rb7+ Kxd6 42. Rc4 Rd4 43. Rxd4+ exd4 44. Ke2 Kd5 45. Kd3 c5 46. Rd7+ Rd6 47.
Rc7 Re6 0-1

[Event "Nutcracker Rapid 2015"]
[Site "Moscow RUS"]
[Date "2015.12.25"]
[Round "8.1"]
[White "Oparin, Grigoriy"]
[Black "Najer, Evgeniy"]
[Result "0-1"]
[WhiteTitle "GM"]
[BlackTitle "GM"]
[WhiteElo "2563"]
[BlackElo "2674"]
[WhiteTeam "Princes"]
[BlackTeam "Kings"]
[WhiteFideId "24125890"]
[BlackFideId "4118987"]
[EventDate "2015.12.24"]

1. e4 c5 2. Nf3 d6 3. d4 cxd4 4. Nxd4 Nf6 5. Nc3 a6 6. h3 e5 7. Nde2 h5 8. Bg5
Be7 9. Ng3 g6 10. Bc4 Nc6 11. Qd2 Na5 12. Bb3 Nxb3 13. axb3 Be6 14. O-O-O Qa5
15. Kb1 Rd8 16. Nf1 b5 17. Qd3 b4 18. Bxf6 Bxf6 19. Nd5 Bxd5 20. exd5 Qb5 21.
Qf3 Bg7 22. Nd2 a5 23. g4 a4 24. Ne4 axb3 25. Qxb3 Qa5 26. Qa2 Qb6 27. Qb3 Qa5
28. Qa2 Qb6 29. Qb3 Rb8 30. Rde1 Ke7 31. Qe3 Qa5 32. Qg5+ Kd7 33. Nf6+ Kc8 34.
Re3 Ra8 35. Kc1 Bh6 0-1